Audels pumps, hydraulics, air compressors : (Record no. 545291)

000 -LEADER
fixed length control field 00817cam a2200193 a 4500
082 ## - DEWEY DECIMAL CLASSIFICATION NUMBER
Classification number 621.252
Author Mark GRA
100 1# - MAIN ENTRY--PERSONAL NAME
Personal name Graham, Frank Duncan,
9 (RLIN) 39019
245 10 - TITLE STATEMENT
Title Audels pumps, hydraulics, air compressors :
Remainder of title a practical guide covering theory, construction and operation of modern pumps, hydraulic machinery, air compressors and blowers /
Statement of responsibility, etc. by Frank D. Graham.
260 ## - PUBLICATION, DISTRIBUTION, ETC.
Place of publication, distribution, etc. New York :
Name of publisher, distributor, etc. T. Audel & co.,
Date of publication, distribution, etc. 1943.
300 ## - PHYSICAL DESCRIPTION
Extent 1 v. (various pagings) :
Other physical details ill. ;
Dimensions 17 cm.
500 ## - GENERAL NOTE
General note "Standards of Hydraulic institute... Test code ... Section F" (p. [915]-945]) has special t.-p.
526 ## - STUDY PROGRAM INFORMATION NOTE
Program name 0
Interest level 0
Reading level 0
Title point value 621_252000000000000_GRA
650 #0 - SUBJECT ADDED ENTRY--TOPICAL TERM
Topical term or geographic name entry element Air-compressors
9 (RLIN) 41094
650 #0 - SUBJECT ADDED ENTRY--TOPICAL TERM
Topical term or geographic name entry element Hydraulics
650 #0 - SUBJECT ADDED ENTRY--TOPICAL TERM
Topical term or geographic name entry element MCE
9 (RLIN) 379
650 #0 - SUBJECT ADDED ENTRY--TOPICAL TERM
Topical term or geographic name entry element Pumping machinery
9 (RLIN) 3452
710 2# - ADDED ENTRY--CORPORATE NAME
Corporate name or jurisdiction name as entry element Hydraulic Institute (U.S.)
9 (RLIN) 41095
942 ## - ADDED ENTRY ELEMENTS (KOHA)
Source of classification or shelving scheme
Koha item type Book
Holdings
Withdrawn status Lost status Source of classification or shelving scheme Damaged status Not for loan Permanent Location Current Location Date acquired Total Checkouts Full call number Barcode Date last seen Price effective from Koha item type
          Military College of Engineering (MCE) Military College of Engineering (MCE) 05/20/2014   621.252 GRA MCE-30056 05/20/2014 05/20/2014 Book
© 2023 Central Library, National University of Sciences and Technology. All Rights Reserved.